| 000 | 00963nam a22002057a 4500 | ||
|---|---|---|---|
| 005 | 20211111093122.0 | ||
| 008 | s2512 th tha d | ||
| 040 | _aNALT | ||
| 041 | _atha | ||
| 090 | _aอศ ท322ร 2512 | ||
| 245 | 1 | 0 | _aโรงพยาบาลภูมิพลอดุลยเดช กรมแพทย์ทหารอากาศพิมพ์เป็นอนุสรณ์ในงานพระราชทานเพลิงศพนายทองหล่อ ทรงสอาด |
| 260 | 3 |
_aกรุงเทพฯ : _bโรงพิมพ์ข่าวทหารอากาศ กรมยุทธศึกษาทหารอากาศ, _c2512 |
|
| 300 | _a198 หน้า | ||
| 650 | 0 | 4 | _aมะเร็ง |
| 650 | 0 | 4 | _aเบาหวาน |
| 650 | 0 | 4 | _aไข้เลือดออก |
| 850 | _aNALT | ||
| 856 | 4 | 0 | _uhttps://dl.parliament.go.th/handle/lirt/588475 |
| 942 |
_cCRE _2lcc |
||
| 999 |
_c23930 _d23930 |
||
| 998 |
_j4612 _k วัลยา พุ่มต้นวงค์ |
||